000 01235cam a22003014a 4500
001 11797728
003 OSt
005 20231218165536.0
008 990927s2000 nyu bf 001 0 eng
010 _a 99049482
020 _a0306461609
040 _aDLC
_cDLC
_dDLC
042 _apcc
050 0 0 _aRA790.55
_b.H36 2000
082 0 0 _a362.2
_221
_bRAP
245 0 0 _aHandbook of community psychology /
_cedited by Julian Rappaport and Edward Seidman.
260 _aNew York :
_bKluwer Academic/Plenum,
_cc2000.
300 _axxi, 1011 p ;
_c26 cm.
504 _aIncludes bibliographical references and index.
650 0 _aCommunity psychology
_vHandbooks, manuals, etc.
_9119755
700 1 _aRappaport, Julian.
_9119756
700 1 _aSeidman, Edward.
_9119757
856 4 2 _3Publisher description
_uhttp://www.loc.gov/catdir/enhancements/fy0813/99049482-d.html
856 4 1 _3Table of contents only
_uhttp://www.loc.gov/catdir/enhancements/fy0813/99049482-t.html
906 _a7
_bcbc
_corignew
_d1
_eocip
_f19
_gy-gencatlg
942 _2ddc
_cBK
999 _c2559
_d2559